Art škôlka

Salvato in:
Dettagli Bibliografici
Autore principale: Al-Hussein, Michal (Autore)
Altri autori: Krajcsovics, Lorant (Relatore della tesi)
Natura: Manoscritto Libro
Lingua:slovacco
Pubblicazione: Bratislava 2017
Soggetti:
Accesso online:http://is.stuba.sk/zp/portal_zp.pl?podrobnosti=111612
Tags: Aggiungi Tag
Nessun Tag, puoi essere il primo ad aggiungerne!!

MARC

LEADER 00000ntm a22000003a 4500
001 stuzp63895
003 SK-STU
005 20210201073648.5
007 ta
008 150427s2015----xo-----f-mn---000-0-slo-d
040 |a STU  |b slo 
041 0 |a slo 
100 1 |a Al-Hussein, Michal  |u 052120  |4 aut  |U FAD Fakulta architektúry  |T FA Ústav ekologickej a experimentálnej architektúry  |X 74892  |U A2120  |Y 393  |7 74892 
242 0 1 |a Art Kindergarten  |y eng 
245 1 0 |a Art škôlka 
260 |c 2017  |a Bratislava 
650 4 |a škôlka  |2 slo 
650 4 |a átrium  |2 slo 
650 4 |a art  |2 slo 
650 4 |a Petržalka  |2 slo 
650 4 |a architektúra  |2 slo 
650 4 |a kindergarten  |2 eng 
650 4 |a art  |2 eng 
650 4 |a atrium  |2 eng 
650 4 |a architecture  |2 eng 
700 1 |a Krajcsovics, Lorant  |u 052120  |k Z1  |4 ths  |U FAD Fakulta architektúry  |T FA Ústav ekologickej a experimentálnej architektúry  |X 4831  |U A2120  |Y 393  |7 A000004831 
856 4 |u http://is.stuba.sk/zp/portal_zp.pl?podrobnosti=111612  |u https://opac.crzp.sk/?fn=detailBiblioForm&sid=85D30AFD358849054C9AB94E20A9